MDQL
is popping MORE tags! Check the
thread
!
Quizzes
Events
Quiz Creation
Community
Videos
Private Events
Remove Ads
Sign In
Join for FREE
Feedback
Dark Mode
Quiz Categories
Sports
Geography
Music
Movies
Television
Just For Fun
Miscellaneous
History
Literature
Language
Science
Gaming
Entertainment
Religion
Holiday
For Kids
Quiz Lab
Recent
Popular Today
Quiz Kudos Today
Editor Picks
Curator Picks
Quizzes by...
Day
Popularity
Type
Ratings
Length
Year
Community
Subscriptions
Recent Discussions
Orange Saloon
Badges
Playlists
Quests
Create
Leaderboards
Showdown
Live 5
Trivia Bingo
Activity
Puzzle Library
Sporcle Events
Private Events
Virtual Trivia
Globe League
Become a Host
Pub Owners
SporcleCon
Opinionation
Our Games
Videos
Blog
Mobile Apps
Partnerships
Remove Ads and Go Orange
Feedback
Movies
Disney
Marvel Cinematic Universe
Movie Resume
Movie Titles
Oscar
Actor
Actress
Director
Pixar
Role
Movie Quotes
Movie Characters
Box Office
Nominee
Best Picture
Star Wars
James Bond
Horror Movies
Movies
Disney
Marvel Cinematic Universe
Movie Resume
Movie Titles
Oscar
Actor
Actress
Director
Pixar
Role
Movie Quotes
Movie Characters
Box Office
Nominee
Best Picture
Star Wars
James Bond
Horror Movies
Random Quiz
Search Sporcle
×
Quiz Lab
Quiz Lab
Movies
Disney
Type in answers that appear in a list
Type in answers that appear in a list
Classic
Best Score? Go Orange.
Disney Movie Settings Stats
Can you name the Disney Movie Settings?
By
lastwhig
6m
48 Questions
396 Plays
396 Plays
396 Plays
Comments
Comments
Give Quiz Kudos
Give Quiz Kudos
-
- Ratings
hide this ad
Replay
Link that replays current quiz
Next Quiz
Link to next quiz in quiz playlist
You Got
0%
They Got
Avg Score
76%
Avg Friend Score
Upgrade to see
Score Distribution
Jump to the score distribution portion of the page
Score
0/48
Timer
06:00
0
Plays Today
Movie
Setting
% Correct
The Aristocats
France
89.6%
The Hunchback of Notre Dame
France
89.6%
Fun and Fancy Free
United States
88.4%
The Rescuers
Louisiana
88.1%
Oliver and Company
United States
87.4%
Cinderella
France
86.1%
Sleeping Beauty
France
86.1%
Beauty and the Beast
France
86.1%
Lilo & Stitch
Hawaii
85.4%
The Princess and the Frog
United States
84.6%
Dumbo
United States
84.1%
The Sword in the Stone
United Kingdom
83.6%
Robin Hood
United Kingdom
83.6%
One Hundred and One Dalmatians
United Kingdom
83.1%
The Great Mouse Detective
London
83.1%
Atlantis: The Lost Empire
Atlantis
82.8%
The Adventures of Ichabod and Mr. Toad
United States
82.6%
Snow White and the Seven Dwarfs
Germany
82.3%
Tangled
Germany
82.3%
Pocahontas
United States
82.1%
Bolt
United States
81.3%
Pinocchio
Italy
81.1%
Make Mine Music
United States
79.8%
Chicken Little
Oakey Oaks
79.5%
Movie
Setting
% Correct
Bambi
United States
78.8%
Melody Time
United States
78.8%
Lady and the Tramp
United States
78.8%
The Fox and the Hound
United States
78.8%
Home on the Range
United States
78.8%
Meet the Robinsons
United States
78.8%
The Lion King
Pride Lands
77.8%
Peter Pan
United Kingdom
77%
Tarzan
Africa
77%
Mulan
China
76.8%
The Jungle Book
India
74%
The Three Caballeros
Mexico
73.7%
The Rescuers Down Under
Australia
70.7%
Hercules
Greece
70.7%
The Black Cauldron
Pyrdian
67.4%
The Emperor's New Groove
Peru
65.7%
Alice in Wonderland
United Kingdom
65.2%
The Many Adventures of Winnie the Pooh
Hundred Acre Wood
61.4%
Winnie the Pooh
Hundred Acre Wood
61.4%
The Little Mermaid
Denmark
58.8%
Aladdin
Agrabah
57.8%
Brother Bear
Canada
57.8%
Saludos Amigos
Brazil
54.3%
Treasure Planet
RLS Legacy
30.6%
Quiz Playlist
Details
Report
Send in Message
Add To Playlist
Classic:
Type in answers that appear in a list
Last Updated: Feb 16, 2017
Quiz Scoreboard
CHALLENGE
Sign Up to Join the Scoreboard
Show All
Scores
Hide
Comments
May contain spoilers
Recently Published
Holiday 10x10 Sorting Gallery
by lukepisani3
Holiday
15m
Two Season TV Shows II
by 123Four
Television
10m
Image Sorting: Flags VI
by Barbecue
Geography
2m
More to Explore
Quiz From the Vault
Featured Blog Post
14 Easter Pick-up Lines to Find Eggs With
hide this ad
You Might Also Like...
Tags
Disney Quiz
Movie Titles Quiz
Setting
Today's Top Quizzes in Movies
Browse Movies
hide this ad
Today's Top Quizzes in Disney
Browse Disney
Top Contributed Quizzes in Movies
1
The ultimate James Bond movie quiz
2
Find The 'Big' Movie
3
Find The 'Wild' Movie
4
Find The 'Blue' Movie
5
Movies By Plot
6
Hidden Star Wars Character II
7
25 Best Actor Nominees (1990s)
8
Hidden Star Wars Character III
9
😉 2024 Oscar Nominees by Emoji
10
Hidden Star Wars Character IV
Explore More
Trending Topics
Anime
Harry Potter
Crossword
Kpop
NBA
Marvel
Disney
Puzzle
WWE
Song
Country
NFL
Soccer
The Office
Pokémon
hide this ad
More By:
lastwhig
Quiz
Plays
Rating
Category
Featured
Created
Disney Movie Settings
396
2.50
Movies
Apr 4, 2012
Go to Creator's Profile
Score Distribution
Quiz Creator Spotlight
lastwhig
Follow
Send a Message
Quizzes Created
-
Created Quiz Play Count
-
More By This Creator
Popular Quizzes Today
1
Find the US States - No Outlines Minefield
2
Colored Red Africa Blitz
3
Find the 'City' Movie
4
The Countries of the World
5
5x2 Blitz: Bands
6
Find the US States
7
Find the Countries of Europe - No Outlines Minefield
8
US States
More Movies Quizzes
2000s Movies by Numbers
Editor's Pick
Trending Quizzes
Colored Red Europe Blitz I
Colored Red Europe Blitz II
Colored Red Africa Blitz II
Colored Red Europe Blitz III
Colored Red Africa Blitz III
Recently Updated
Odd Team Out - Big 4 Players
pecheneg
Quick Pick: 20 Twenties
pecheneg
March Madness Men's Triple Doubles
pecheneg
How Do You Spell That?
pecheneg
Godzilla Movies
pecheneg
Grab Bag: 4-10 Letters
pecheneg
2024 March Madness Bracket
pecheneg
Famous TV Couples
Peacemaker
Champions League XIs: Real Madrid
pecheneg
Largest US Cities 1790-2010
pecheneg
Trending Topics
Kpop
Crossword
Harry Potter
NBA
Disney
Anime
Marvel
WWE
The Office
Puzzle
Song
Soccer
NFL
Pokémon
Country
Your Account Isn't Verified!
In order to create a playlist on Sporcle, you need to verify the email address you used during registration. Go to your
Sporcle Settings
to finish the process.
Report this User
Report this user for behavior that violates our
Community Guidelines
.
Details:
Send Report
Go to the Sporcle.com Mobile Site →
Comments